000 00661nam a22002172 4500
001 0000018586
005 20151217154420.0
008 100214s xx 000 0 eng d
020 _a0070583943 :
040 _aKABU
_cKABU
100 1 _aHarari, Oren.
_@0000177895
245 1 4 _aThe Leadership secrets of Colin Powell /
_cOren Harari.
250 _a1st ed.
260 _aNew Delhi :
_bTata McGraw-Hill,
_c2002.
300 _aviii, 278 p.
600 1 0 _aPowell, Colin.
_@0000177896
650 0 _aPolitical leadership
_zUnited States.
_@0000177897
852 1 _9p1025 KES
908 _a100214
950 _@1
999 _c11153
_d11153